[Event "Dortmund"]
[Site "Dortmund"]
[Date "1998.07.05"]
[Round "9"]
[White "Shirov, Alexei"]
[Black "Anand, Viswanathan"]
[Result "1/2-1/2"]
[WhiteElo "2710"]
[BlackElo "2770"]
[PlyCount "89"]
[EventDate "1998.06.26"]
[Source "ChessBase"]
[SourceDate "1998.09.30"]

1. e4 c6 2. d4 d5 3. Nc3 dxe4 4. Nxe4 Bf5 5. Nc5 b6 6. Nb3 Nf6 7. Nf3 e6 8. g3 Bd6 9. Bg2 O-O 10. O-O Nbd7 11. Qe2 Qc7 12. Re1 Rac8 13. Ne5 c5 14. Nxd7 Nxd7 15. dxc5 bxc5 16. Bd2 Bg6 17. Ba5 Nb6 18. c4 Rfd8 19. Nd2 Be7 20. Ne4 Bxe4 21. Bxe4 Bf6 22. Rad1 Rxd1 23. Rxd1 Rd8 24. Rxd8+ Qxd8 25. b3 Bd4 26. Kg2 Qd6 27. Bd2 f5 28. Bc2 Nd7 29. Qf3 Qc7 30. Qa8+ Kf7 31. Bd1 Ne5 32. Bf3 Qd7 33. Ba5 Nxf3 34. Kxf3 e5 35. Kg2 e4 36. f3 exf3+ 37. Qxf3 Kg6 38. Bd2 Qe6 39. Kf1 h6 40. Bf4 Qa6 41. Qe2 Kh7 42. Be5 Bxe5 43. Qxe5 Qxa2 44. Qxf5+ Kh8 45. Qf8+ 1/2-1/2

[Event "Madrid 72/(133)"]
[Site "?"]
[Date "1998.??.??"]
[Round "?"]
[White "Leko, Peter"]
[Black "Anand, Viswanathan"]
[Result "1/2-1/2"]
[WhiteElo "2670"]
[BlackElo "2770"]
[PlyCount "41"]
[EventDate "1998.??.??"]
[Source "ChessBase"]
[SourceDate "1998.02.01"]

1. e4 c6 2. Nc3 d5 3. d4 dxe4 4. Nxe4 Bf5 5. Ng3 Bg6 6. Bc4 e6 7. N1e2 Bd6 8. Nf4 Nf6 9. h4 Bxf4 10. Bxf4 h6 11. Qd2 Nbd7 12. Bd3 Bxd3 13. Qxd3 Qa5+ 14. Bd2 Qd5 15. c4 Qxg2 16. Qe2 b5 17. b3 bxc4 18. bxc4 h5 19. O-O-O Ng4 20. Ne4 Ndf6 21. Nd6+ 1/2-1/2

[Event "Frankfurt-West Masters"]
[Site "Frankfurt"]
[Date "1999.06.30"]
[Round "4"]
[White "Svidler, Peter"]
[Black "Leko, Peter"]
[Result "1-0"]
[WhiteElo "2713"]
[BlackElo "2694"]
[PlyCount "156"]
[EventDate "1999.06.29"]
[Source "ChessBase"]
[SourceDate "1999.10.01"]

1. e4 c6 2. d4 d5 3. Nd2 dxe4 4. Nxe4 Bf5 5. Ng3 Bg6 6. N1e2 Nf6 7. Nf4 e5 8. Nxg6 hxg6 9. dxe5 Qa5+ 10. Bd2 Qxe5+ 11. Qe2 Qxe2+ 12. Bxe2 Nbd7 13. h3 Bc5 14. O-O O-O 15. Rfe1 Rfe8 16. Bf1 Nb6 17. Rxe8+ Rxe8 18. Re1 Rxe1 19. Bxe1 Nbd5 20. c3 Kf8 21. Bd2 Bd6 22. Bd3 Bf4 23. Be1 Bc1 24. b3 Ba3 25. Kf1 Ke7 26. Bd2 Bd6 27. Ne2 Nd7 28. c4 Nc7 29. f4 Ne6 30. g3 Nec5 31. Bc2 Nf6 32. Kg2 Na6 33. Kf3 Bb4 34. Bc1 Nc7 35. Be3 a5 36. Nd4 Ne6 37. f5 gxf5 38. Bxf5 Bc3 39. Nxe6 fxe6 40. Bc2 Nd7 41. g4 b5 42. cxb5 cxb5 43. h4 Ne5+ 44. Kg3 Nc6 45. g5 Nb4 46. Bb1 Nd5 47. Bc5+ Kf7 48. h5 Bb4 49. Bd4 Nc3 50. Bd3 Nxa2 51. Bxb5 Bc3 52. Be3 Nb4 53. Kg4 Nc2 54. Bc5 Nd4 55. Bc4 Nc6 56. Kf4 Bd2+ 57. Be3 Bc3 58. Ke4 Ne5 59. Be2 Nd7 60. Bb5 Ne5 61. Bf4 Ng4 62. Be2 Nf2+ 63. Kf3 Nh3 64. Be3 e5 65. Bc4+ Ke7 66. h6 gxh6 67. Bc5+ Ke8 68. gxh6 Ng5+ 69. Kg4 Ne4 70. Ba3 Nd2 71. Bd5 e4 72. Bc5 Nf3 73. Bxe4 Ne5+ 74. Kf5 Nf7 75. Bc6+ Kd8 76. h7 Nh6+ 77. Ke6 Kc7 78. Bf3 Ng8 1-0

[Event "Monte Carlo MNC"]
[Site "?"]
[Date "2006.03.30"]
[Round "11.6"]
[White "Vallejo Pons Francisco"]
[Black "Leko Peter"]
[Result "1/2-1/2"]
[WhiteElo "2650"]
[BlackElo "2740"]
[PlyCount "42"]
[EventDate "2006.??.??"]
[Source "www.chesslib.no"]
[SourceDate "2004.05.04"]

1. e4 c6 2. d4 d5 3. Nd2 dxe4 4. Nxe4 Bf5 5. Ng3 Bg6 6. N1e2 e6 7. Nf4 Bd6 8. h4 Bxf4 9. Bxf4 h6 10. c3 Nf6 11. Bd3 Bxd3 12. Qxd3 Qa5 13. Bxb8 Rxb8 14. Ne4 Nxe4 15. Qxe4 O-O 16. O-O Rfd8 17. a4 Rd5 18. Rfe1 Rbd8 19. b4 Qc7 20. a5 h5 21. g3 g6 1/2-1/2

[Event "TCh-RUS"]
[Site "Togliatti"]
[Date "2003.05.22"]
[Round "7"]
[White "Rublevsky, Sergei"]
[Black "Dreev, Alexey"]
[Result "1/2-1/2"]
[WhiteElo "2670"]
[BlackElo "2695"]
[PlyCount "120"]
[EventDate "2003.05.16"]
[Source "Roberto Alvarez"]
[SourceDate "2003.05.26"]

1. e4 c6 2. d4 d5 3. Nd2 dxe4 4. Nxe4 Bf5 5. Ng3 Bg6 6. Bc4 e6 7. N1e2 Bd6 8. h4 h6 9. Nf4 Bxf4 10. Bxf4 Nf6 11. Qe2 O-O 12. O-O-O Nbd7 13. Bd3 Bxd3 14. Rxd3 Qa5 15. Kb1 Rfe8 16. Re1 c5 17. dxc5 Nxc5 18. Qd2 Qxd2 19. Rxd2 b5 20. Be5 Red8 21. Red1 Rxd2 22. Rxd2 Nd5 23. Rd4 f6 24. Bd6 Nb7 25. Bb4 Rd8 26. Kc1 e5 27. Re4 Kf7 28. Nf5 h5 29. Bd2 g6 30. Ng3 Rc8 31. Re2 Nd6 32. Ne4 Nf5 33. g3 Ke6 34. c3 Nd4 35. Re1 Nf3 36. Re2 Ng1 37. Re1 Nf3 38. Re2 Ng1 39. Re1 Nf3 40. Re2 Rc6 41. Be3 Ng1 42. Re1 Nf3 43. Re2 a6 44. Nd2 Ng1 45. Re1 Nh3 46. f3 Kf5 47. Ba7 g5 48. hxg5 Nxg5 49. Kd1 Rc7 50. Bf2 Rd7 51. Rh1 Kg6 52. Ke2 f5 53. c4 Nb4 54. cxb5 axb5 55. Rc1 f4 56. gxf4 Ne6 57. Be3 exf4 58. Bf2 Nd3 59. Rc6 Kf5 60. Ne4 Nxb2 1/2-1/2

[Event "Calviá ol (Men)"]
[Site "Mallorca"]
[Date "2004.10.27"]
[Round "12.3"]
[White "Svidler, Peter"]
[Black "Izoria, Zviad"]
[Result "1/2-1/2"]
[WhiteElo "2735"]
[BlackElo "2600"]
[PlyCount "85"]
[EventDate "2004.10.15"]
[Source "Roberto Alvarez"]
[SourceDate "2004.10.25"]

1. e4 c6 2. d4 d5 3. Nd2 dxe4 4. Nxe4 Bf5 5. Ng3 Bg6 6. Bc4 e6 7. N1e2 Bb4+ 8. c3 Bd6 9. h4 h6 10. Nf4 Bxf4 11. Bxf4 Nf6 12. h5 Bh7 13. O-O O-O 14. Bb3 a5 15. c4 b5 16. a3 a4 17. Ba2 bxc4 18. Bxc4 Nd5 19. Bxd5 Qxd5 20. Qg4 Kh8 21. Be5 f6 22. Bf4 Nd7 23. Rfe1 Rfe8 24. Rad1 Nb6 25. Nf1 Qf5 26. Qxf5 Bxf5 27. Rc1 Rac8 28. Rc5 Bd3 29. Nd2 Nd5 30. Bg3 Kg8 31. Rec1 Ne7 32. Nc4 Nf5 33. Nb6 Rcd8 34. Bc7 Rxd4 35. Rxc6 Be2 36. f3 Bd1 37. R6c4 Bb3 38. Rxd4 Nxd4 39. Rc5 e5 40. Bd6 Nf5 41. Bc7 Nd4 42. Bd6 Nf5 43. Bc7 1/2-1/2

[Event "Malta ol (Men)"]
[Site "La Valetta"]
[Date "1980.??.??"]
[Round "?"]
[White "Ljubojevic, Ljubomir"]
[Black "Karpov, Anatoly"]
[Result "1/2-1/2"]
[WhiteElo "2590"]
[BlackElo "2725"]
[PlyCount "26"]
[EventDate "1980.11.??"]
[Source "www.chesslib.no"]
[SourceDate "2004.05.04"]

1. e4 c6 2. d4 d5 3. Nc3 dxe4 4. Nxe4 Bf5 5. Ng3 Bg6 6. N1e2 Nf6 7. h4 h6 8. Nf4 Bh7 9. c3 e6 10. Bd3 Bxd3 11. Qxd3 Nbd7 12. Ne4 Nxe4 13. Qxe4 Nf6 1/2-1/2

[Event "50th It"]
[Site "Reggio Emilia ITA"]
[Date "2008.01.03"]
[Round "6"]
[White "Tiviakov, S."]
[Black "Navara, D."]
[Result "1/2-1/2"]
[WhiteElo "2643"]
[BlackElo "2656"]
[PlyCount "81"]
[EventDate "2007.12.29"]
[Source "www.chesslib.no"]
[SourceDate "2004.05.04"]

1. e4 c6 2. d4 d5 3. Nd2 dxe4 4. Nxe4 Bf5 5. Ng3 Bg6 6. Bc4 Nf6 7. N1e2 e6 8. Nf4 Bd6 9. Bb3 Qc7 10. Qf3 Nbd7 11. O-O O-O-O 12. c3 Kb8 13. Re1 e5 14. Nxg6 fxg6 15. Be3 Rhf8 16. Qe2 exd4 17. Bxd4 c5 18. Bxf6 Nxf6 19. Nf1 h5 20. Be6 g5 21. Rad1 Rfe8 22. Qc4 a6 23. a4 g6 24. g3 g4 25. Re3 Ka7 26. Red3 h4 27. Ne3 hxg3 28. hxg3 Rh8 29. Nxg4 Qc6 30. Bd5 Nxd5 31. Rxd5 Bc7 32. Ne3 Rde8 33. R1d3 Qf6 34. Qg4 Rh1+ 35. Kxh1 Qxf2 36. Qh3 Bxg3 37. Rg5 Qf3+ 38. Kg1 Rxe3 39. Qxg3 Rxd3 40. Qxf3 Rxf3 41. Rxc5 1/2-1/2

[Event "Wijk aan Zee NED, Corus A 2006"]
[Site "?"]
[Date "2006.01.22"]
[Round "8"]
[White "Naiditsch Arkadij"]
[Black "Motylev Alexander"]
[Result "0-1"]
[WhiteElo "2657"]
[BlackElo "2638"]
[PlyCount "56"]
[EventDate "2006.??.??"]
[Source "www.chesslib.no"]
[SourceDate "2004.05.04"]

1. e4 c6 2. d4 d5 3. Nc3 dxe4 4. Nxe4 Bf5 5. Ng3 Bg6 6. Bc4 e6 7. N1e2 Bd6 8. h4 h6 9. Nf4 Bxf4 10. Bxf4 Nf6 11. Qe2 Nd5 12. Be5 O-O 13. O-O-O Nd7 14. Ne4 b5 15. Bd3 Qa5 16. h5 Bh7 17. a3 Nxe5 18. dxe5 b4 19. Qe1 Nf4 20. Nf6+ gxf6 21. Bxh7+ Kxh7 22. Qe4+ f5 23. Qxf4 bxa3 24. b4 a2 25. Kb2 Rab8 26. c3 c5 27. Ka1 cxb4 28. cxb4 Rxb4 0-1

[Event "Presidents Cup"]
[Site "Elista"]
[Date "1998.05.12"]
[Round "2.6"]
[White "Rublevsky, Sergei"]
[Black "Dreev, Alexey"]
[Result "1/2-1/2"]
[WhiteElo "2665"]
[BlackElo "2630"]
[PlyCount "75"]
[EventDate "1998.05.07"]
[Source "ChessBase"]
[SourceDate "1998.08.06"]

1. e4 c6 2. d4 d5 3. Nd2 dxe4 4. Nxe4 Bf5 5. Ng3 Bg6 6. Bc4 e6 7. N1e2 Bd6 8. h4 h6 9. Nf4 Ne7 10. Nxg6 Nxg6 11. Ne4 Bc7 12. c3 Nd7 13. h5 Ne7 14. Qf3 Nd5 15. Bd2 b5 16. Bd3 f5 17. Ng3 O-O 18. a4 a6 19. axb5 axb5 20. Rxa8 Qxa8 21. O-O N7f6 22. Re1 Qc8 23. Ne2 Qe8 24. Nf4 Bxf4 25. Bxf4 Qxh5 26. Qxh5 Nxh5 27. Bd6 Rd8 28. Rxe6 Nhf4 29. Bxf4 Nxf4 30. Re3 Nxd3 31. Rxd3 Kf7 32. Re3 Rd5 33. g3 b4 34. f4 bxc3 35. bxc3 c5 36. Re5 Rxe5 37. dxe5 g5 38. Kf2 1/2-1/2

[Event "Presidents Cup"]
[Site "Elista"]
[Date "1998.05.12"]
[Round "2.4"]
[White "Rublevsky, Sergei"]
[Black "Dreev, Alexey"]
[Result "1/2-1/2"]
[WhiteElo "2665"]
[BlackElo "2630"]
[PlyCount "49"]
[EventDate "1998.05.07"]
[Source "ChessBase"]
[SourceDate "1998.08.06"]

1. e4 c6 2. d4 d5 3. Nd2 dxe4 4. Nxe4 Bf5 5. Ng3 Bg6 6. Bc4 Nf6 7. N1e2 e6 8. Nf4 Bd6 9. c3 Nbd7 10. Qf3 Nb6 11. Bb3 Nbd5 12. Nxg6 hxg6 13. Bg5 Be7 14. O-O-O b5 15. h4 Nd7 16. Ne4 N5f6 17. Bd2 Nxe4 18. Qxe4 a5 19. Qg4 a4 20. Bc2 Nf6 21. Qf3 Qd5 22. Qxd5 exd5 23. Rde1 Kd7 24. g3 Rae8 25. Bg5 1/2-1/2

[Event "Camp. francese a squadre - Top 16 GpB"]
[Site "Metz FRA"]
[Date "2007.02.11"]
[Round "3"]
[White "Georgiev, Ki"]
[Black "Riazantsev, A."]
[Result "1-0"]
[WhiteElo "2661"]
[BlackElo "2629"]
[PlyCount "95"]
[EventDate "2007.02.09"]
[Source "www.chesslib.no"]
[SourceDate "2004.05.04"]

1. e4 c6 2. d4 d5 3. Nc3 dxe4 4. Nxe4 Bf5 5. Nc5 Nd7 6. Nxb7 Qc7 7. Nc5 Nxc5 8. dxc5 e6 9. Bd3 Bxd3 10. Qxd3 Bxc5 11. Nf3 Nf6 12. O-O O-O 13. Qe2 Rfd8 14. b3 Be7 15. Bb2 Ng4 16. Rad1 Bf6 17. Bc1 Ne5 18. Ng5 Ng6 19. Ne4 Be5 20. g3 Rd5 21. Be3 Rad8 22. c4 Rxd1 23. Rxd1 Rxd1+ 24. Qxd1 h6 25. b4 Ne7 26. Bc5 Nf5 27. Qd2 Ba1 28. g4 Qe5 29. Qd8+ Kh7 30. Qd3 g6 31. gxf5 exf5 32. Nd6 Qe6 33. f4 a6 34. Kg2 Bg7 35. Qe3 Qf6 36. Ne8 Qb2+ 37. Qf2 Qb1 38. Nxg7 Kxg7 39. Bd4+ Kh7 40. Qe2 Qxb4 41. Qe5 Qf8 42. c5 Qg8 43. Qf6 Qf8 44. Kf2 h5 45. Ke1 Qg8 46. Kd2 Qf8 47. Kc3 a5 48. Kc2 1-0

[Event "Ubeda 74/145"]
[Site "?"]
[Date "1999.??.??"]
[Round "?"]
[White "Tiviakov, Sergei"]
[Black "Dreev, Alexey"]
[Result "0-1"]
[WhiteElo "2627"]
[BlackElo "2639"]
[PlyCount "46"]
[Source "ChessBase"]
[SourceDate "1998.10.01"]

1. e4 c6 2. d4 d5 3. Nd2 dxe4 4. Nxe4 Bf5 5. Ng3 Bg6 6. Bc4 e6 7. N1e2 Nf6 8. Nf4 Bd6 9. h4 Qc7 10. Nxg6 hxg6 11. Qf3 Nbd7 12. Bg5 c5 13. dxc5 Qxc5 14. Bxf6 Nxf6 15. Bb3 O-O-O 16. c3 Bxg3 17. Qxg3 Rh5 18. O-O Rdh8 19. Qf3 Rxh4 20. g3 Rh2 21. Bc2 g5 22. Be4 g4 23. Qf4 Qh5 0-1

[Event "Ordix Open"]
[Site "?"]
[Date "2003.08.16"]
[Round "5"]
[White "Sadvakasov Darmen"]
[Black "Vallejo Pons Francisco"]
[Result "0-1"]
[WhiteElo "2600"]
[BlackElo "2662"]
[PlyCount "90"]
[EventDate "2003.??.??"]
[Source "www.chesslib.no"]
[SourceDate "2004.05.04"]

1. e4 c6 2. d4 d5 3. Nd2 dxe4 4. Nxe4 Bf5 5. Ng3 Bg6 6. Bc4 e6 7. N1e2 Bd6 8. h4 h6 9. Nf4 Bxf4 10. Bxf4 Nf6 11. Qd2 Nbd7 12. O-O-O Nd5 13. Ne2 b5 14. Bd3 Bxd3 15. Qxd3 a5 16. Kb1 b4 17. Bc1 Qb8 18. Rde1 a4 19. g4 Qb5 20. Qf3 O-O-O 21. Ng3 a3 22. b3 Nc3+ 23. Ka1 Qd5 24. Qd3 Nb5 25. Ne2 Ne5 26. Qg3 Nf3 27. Rd1 Qe4 28. Rd3 Nfxd4 29. Nxd4 Qxh1 30. Ne2 Rxd3 31. cxd3 Nc3 32. Ng1 Qd5 33. Bd2 Rd8 34. Bxc3 Qxd3 35. Qxd3 Rxd3 36. Kb1 Rxc3 37. Ne2 Rf3 38. Nd4 Rxf2 39. Nxc6 Rf4 40. Kc2 Rxg4 41. h5 Kb7 42. Nd8+ Kb6 43. Nxf7 Rg2+ 44. Kd3 Rxa2 45. Ne5 Rh2 0-1

[Event "Moscow RUS"]
[Site "?"]
[Date "2006.02.09"]
[Round "2"]
[White "Efimenko Zahar"]
[Black "Riazantsev Alexander"]
[Result "1-0"]
[WhiteElo "2666"]
[BlackElo "2594"]
[PlyCount "65"]
[EventDate "2006.??.??"]
[Source "www.chesslib.no"]
[SourceDate "2004.05.04"]

1. e4 c6 2. d4 d5 3. Nc3 dxe4 4. Nxe4 Bf5 5. Ng3 Bg6 6. Bc4 e6 7. N1e2 Bd6 8. Nf4 Nf6 9. c3 Qc7 10. Qf3 Nbd7 11. O-O Nb6 12. Bb3 Nbd5 13. Nxg6 hxg6 14. Bd2 O-O-O 15. Rad1 Nf4 16. c4 Rh4 17. d5 exd5 18. cxd5 c5 19. Rfe1 Rdh8 20. h3 Kb8 21. Bc3 a6 22. Bc2 g5 23. Bxf6 g4 24. hxg4 gxf6 25. Bd3 Ka7 26. Re4 Rh2 27. Rxf4 Bxf4 28. Nh5 Qe5 29. g3 Bxg3 30. Nxg3 Qxb2 31. d6 Qd4 32. Be2 Qe5 33. d7 1-0

[Event "Groningen Festival"]
[Site "Groningen"]
[Date "1998.12.23"]
[Round "4"]
[White "Tiviakov, Sergei"]
[Black "Asrian, Karen"]
[Result "1/2-1/2"]
[WhiteElo "2655"]
[BlackElo "2600"]
[PlyCount "34"]
[EventDate "1998.12.20"]
[Source "ChessBase"]
[SourceDate "1999.04.01"]

1. e4 c6 2. d4 d5 3. Nd2 dxe4 4. Nxe4 Bf5 5. Ng3 Bg6 6. Bc4 Nf6 7. N1e2 Nbd7 8. Nf4 e5 9. Nxg6 hxg6 10. Qe2 Qe7 11. dxe5 Qxe5 12. Be3 Bc5 13. Bxc5 Qxe2+ 14. Nxe2 Nxc5 15. O-O O-O 16. Nf4 g5 17. Nh3 b5 1/2-1/2

[Event "ETCC"]
[Site "Crete GRE"]
[Date "2007.10.28"]
[Round "1"]
[White "Rozentalis, E."]
[Black "Cheparinov, I."]
[Result "1/2-1/2"]
[WhiteElo "2581"]
[BlackElo "2670"]
[PlyCount "96"]
[EventDate "2007.10.28"]
[Source "www.chesslib.no"]
[SourceDate "2004.05.04"]

1. e4 c6 2. d4 d5 3. Nc3 dxe4 4. Nxe4 Bf5 5. Nc5 b6 6. Nb3 e6 7. Bd3 Bxd3 8. Qxd3 Bd6 9. Nf3 Nf6 10. Bg5 Nbd7 11. O-O O-O 12. Rfe1 Qc7 13. Qe2 h6 14. Bh4 c5 15. dxc5 bxc5 16. Nbd2 Ng4 17. h3 Nh2 18. Rad1 Rfe8 19. Ne4 Nxf3+ 20. Qxf3 Be5 21. Qh5 Nf8 22. Bg3 Bxg3 23. Nxg3 c4 24. Ne4 Ng6 25. b3 Red8 26. Qc5 Qxc5 27. Nxc5 Rdc8 28. Ne4 cxb3 29. cxb3 Rc2 30. Rd2 Rac8 31. Red1 Nf4 32. Rxc2 Rxc2 33. Rd8+ Kh7 34. Rd7 Rxa2 35. Rxf7 Ne2+ 36. Kh2 Nd4 37. b4 Kg6 38. Rd7 e5 39. Kg3 Kf5 40. f3 Kg6 41. Rd6+ Kh5 42. Rd7 Nf5+ 43. Kh2 Kg6 44. Kg1 Ne3 45. g4 Ng2 46. Kf1 Ne3+ 47. Kg1 Ng2 48. Kf1 Ne3+ 1/2-1/2

[Event "Russia (ch) 74/142"]
[Site "?"]
[Date "1998.??.??"]
[Round "?"]
[White "Rublevsky, Sergei"]
[Black "Burmakin, Vladimir"]
[Result "1-0"]
[WhiteElo "2685"]
[BlackElo "2560"]
[PlyCount "79"]
[Source "ChessBase"]
[SourceDate "1998.10.01"]

1. e4 c6 2. d4 d5 3. Nd2 dxe4 4. Nxe4 Bf5 5. Ng3 Bg6 6. Bc4 e6 7. N1e2 Bd6 8. h4 h6 9. Nf4 Bxf4 10. Bxf4 Nf6 11. Qe2 Nbd7 12. O-O-O Nd5 13. Bd2 N7f6 14. h5 Bh7 15. Bd3 Bxd3 16. Qxd3 a5 17. Kb1 b5 18. Ne4 Nb4 19. Nxf6+ gxf6 20. Qg3 Qd5 21. b3 Qe4 22. Qc3 Kd7 23. f3 Qh7 24. Qc5 Nd5 25. Rh4 b4 26. Re4 Rhb8 27. Bf4 Rc8 28. Qd6+ Ke8 29. Bd2 Ra6 30. a3 Rd8 31. Qc5 bxa3 32. Bxa5 Rda8 33. Bd2 a2+ 34. Ka1 Ne7 35. c4 Qf5 36. Bxh6 Qxc5 37. dxc5 Ra3 38. Rd3 Nf5 39. Bc1 R3a7 40. Bb2 1-0

[Event "Corsica Masters"]
[Site "Bastia FRA"]
[Date "2007.10.29"]
[Round "1.2"]
[White "Guliyev, N."]
[Black "Landa, K."]
[Result "1-0"]
[WhiteElo "2560"]
[BlackElo "2678"]
[PlyCount "137"]
[EventDate "2007.10.29"]
[Source "www.chesslib.no"]
[SourceDate "2004.05.04"]

1. e4 c6 2. d4 d5 3. Nc3 dxe4 4. Nxe4 Bf5 5. Ng3 Bg6 6. Bc4 e6 7. N1e2 Bd6 8. Nf4 Nf6 9. c3 Nbd7 10. O-O Nd5 11. Ngh5 O-O 12. Qf3 Nxf4 13. Nxf4 Qf6 14. Qg4 Bf5 15. Qe2 Nb6 16. Bb3 Nd5 17. Nd3 Qh4 18. g3 Qe4 19. Qxe4 Bxe4 20. Ne5 Rfd8 21. Re1 Bg6 22. Nxg6 hxg6 23. h4 Rd7 24. Bd2 Be7 25. Rad1 Rad8 26. Bc1 a6 27. Kg2 Nf6 28. a4 Bf8 29. Kf3 Be7 30. a5 Bd6 31. Bg5 Bc7 32. Ra1 Re8 33. Bc4 Nd5 34. Re2 Bd8 35. Bd2 Bc7 36. b4 Bd8 37. Rae1 Bf6 38. Bb3 Red8 39. Rh1 Re8 40. g4 Bd8 41. g5 Bc7 42. Kg4 f5+ 43. Kf3 Kf7 44. h5 gxh5 45. Rxh5 Kg6 46. Rh1 c5 47. bxc5 Bxa5 48. Bxd5 Rxd5 49. c4 Rxd4 50. Bxa5 e5 51. Rc1 Rf4+ 52. Ke3 Kxg5 53. Kd3 Rf3+ 54. Kc2 f4 55. Rb1 Rc8 56. Rxe5+ Kf6 57. Rd5 Rxf2+ 58. Kd3 Re8 59. Rb6+ Kf7 60. Rxb7+ Kg6 61. Bd2 f3 62. Rdd7 Kf5 63. Rf7+ Ke6 64. Be3 Ra2 65. Rxf3 Ra3+ 66. Ke4 Ra4 67. Rxg7 Rxc4+ 68. Bd4 Re7 69. Rf6+ 1-0

[Event "ETCC"]
[Site "Crete GRE"]
[Date "2007.11.03"]
[Round "6"]
[White "Berg, E."]
[Black "Jobava, Ba"]
[Result "0-1"]
[WhiteElo "2593"]
[BlackElo "2644"]
[PlyCount "94"]
[EventDate "2007.10.28"]
[Source "www.chesslib.no"]
[SourceDate "2004.05.04"]

1. e4 c6 2. d4 d5 3. Nd2 dxe4 4. Nxe4 Bf5 5. Ng3 Bg6 6. Bc4 e6 7. Nf3 Nd7 8. Qe2 Ngf6 9. O-O Be7 10. Rd1 Qc7 11. Bb3 O-O 12. Bg5 h6 13. Bxf6 Bxf6 14. Ne4 Be7 15. c3 Rfe8 16. Ned2 Bh5 17. h3 Bf8 18. Nc4 b5 19. Nce5 Nxe5 20. dxe5 Rac8 21. Bc2 Bxf3 22. gxf3 g6 23. f4 Red8 24. Kg2 h5 25. Kg3 Bh6 26. Rxd8+ Rxd8 27. Rd1 Kg7 28. Rxd8 Qxd8 29. Qd3 Qb6 30. Qd4 c5 31. Qd6 Qb7 32. f3 b4 33. c4 b3 34. axb3 Qb4 35. Qd1 a5 36. Be4 h4+ 37. Kg4 Qb8 38. Qd7 Qxb3 39. Qd8 Qxb2 40. Qf6+ Kg8 41. Qd8+ Bf8 42. Bc6 a4 43. Be8 Qg2+ 44. Kxh4 Qxf3 45. Bxf7+ Kxf7 46. Qf6+ Ke8 47. Qxg6+ Kd7 0-1

[Event "Zlatibor"]
[Site "?"]
[Date "2006.08.28"]
[Round "3"]
[White "Efimenko Zahar"]
[Black "Iordachescu Viorel"]
[Result "1/2-1/2"]
[WhiteElo "2632"]
[BlackElo "2603"]
[PlyCount "70"]
[EventDate "2006.??.??"]
[Source "www.chesslib.no"]
[SourceDate "2004.05.04"]

1. e4 c6 2. d4 d5 3. Nc3 dxe4 4. Nxe4 Bf5 5. Ng3 Bg6 6. Bc4 e6 7. N1e2 Bd6 8. Nf4 Nf6 9. c3 Bxf4 10. Bxf4 Nd5 11. Bd2 Nd7 12. O-O O-O 13. Re1 a5 14. a4 N7f6 15. Qb3 Qc7 16. Be2 Rfd8 17. Bf3 h6 18. Qa3 Rd7 19. Re5 Rdd8 20. Rd1 b5 21. b3 bxa4 22. Qxa4 Nd7 23. Ree1 Rab8 24. c4 Nb4 25. Bc3 c5 26. d5 exd5 27. cxd5 c4 28. d6 Qb6 29. bxc4 Nc5 30. Qa1 Nc2 31. Bxa5 Qb3 32. Qe5 Nxe1 33. Qxe1 Nd3 34. Qd2 Qxc4 35. Bxd8 Rxd8 1/2-1/2

[Event "Bundesliga 9899"]
[Site "Germany"]
[Date "1999.03.21"]
[Round "13.1"]
[White "Morozevich, Alexander"]
[Black "Schlosser, Philipp"]
[Result "1/2-1/2"]
[WhiteElo "2723"]
[BlackElo "2511"]
[PlyCount "132"]
[EventDate "1998.10.17"]
[Source "ChessBase"]
[SourceDate "1999.07.01"]

1. e4 c6 2. d4 d5 3. Nc3 dxe4 4. Nxe4 Bf5 5. Ng3 Bg6 6. Bc4 e6 7. N1e2 Nf6 8. O-O Nbd7 9. Bb3 Bd6 10. Nf4 O-O 11. h4 Qc7 12. Qf3 e5 13. Nxg6 hxg6 14. c3 Rae8 15. Ne2 c5 16. Bg5 a6 17. Rad1 c4 18. Bc2 e4 19. Qh3 Nd5 20. f3 N7f6 21. Rde1 Re6 22. f4 Nh7 23. f5 gxf5 24. Rxf5 Ne7 25. Rf2 Qa5 26. Nf4 Nxg5 27. hxg5 Bxf4 28. Rxf4 Qxg5 29. Rfxe4 Nf5 30. Rf1 g6 31. Rxe6 fxe6 32. Qf3 Rf7 33. Qf4 Qxf4 34. Rxf4 Ne3 35. Rxf7 Kxf7 36. Be4 b5 37. Bf3 Ke7 38. Kf2 Nd5 39. Be4 Kf6 40. Kf3 Kg5 41. g3 Kf6 42. Ke2 Kg5 43. Kd2 Kf6 44. b3 cxb3 45. axb3 g5 46. c4 Nc7 47. Kc3 a5 48. Bc6 b4+ 49. Kd3 e5 50. Ke4 exd4 51. Kxd4 Ne6+ 52. Kd5 Ke7 53. Ba4 g4 54. c5 Ng7 55. Ke5 Kd8 56. Bb5 Kc7 57. Be2 Nh5 58. Bxg4 Nxg3 59. Kd4 a4 60. bxa4 b3 61. Bd1 Nf5+ 62. Kc3 Kc6 63. Kb4 Nd4 64. Bh5 b2 65. Bg6 Kd5 66. a5 Nc6+ 1/2-1/2

[Event "Aeroflot Open"]
[Site "Moscow"]
[Date "2004.02.24"]
[Round "8"]
[White "Yemelin, Vasily"]
[Black "Sakaev, Konstantin"]
[Result "0-1"]
[WhiteElo "2578"]
[BlackElo "2656"]
[PlyCount "83"]
[EventDate "2004.02.17"]
[Source "Roberto Alvarez"]
[SourceDate "2004.03.01"]

1. e4 c6 2. d4 d5 3. Nd2 dxe4 4. Nxe4 Bf5 5. Ng3 Bg6 6. N1e2 e6 7. Nf4 Qh4 8. Be3 Nd7 9. Qd2 Be7 10. Be2 Nb6 11. Ngh5 Bxh5 12. g3 Qg5 13. Nxh5 Qd5 14. O-O g6 15. Nf4 Qd7 16. Nd3 Nc4 17. Qc3 Nxe3 18. fxe3 Nf6 19. d5 exd5 20. Rxf6 d4 21. Ne5 dxc3 22. Nxd7 cxb2 23. Rb1 Rd8 24. Rxb2 Rxd7 25. Rf3 Bc5 26. Kf1 Ke7 27. e4 Rhd8 28. Rd3 b6 29. Rb1 Rxd3 30. cxd3 Rd4 31. Rb2 Kd6 32. Ke1 f6 33. Kd2 a5 34. Bd1 a4 35. h4 b5 36. Bf3 Kc7 37. h5 Kb6 38. Rb1 Rd6 39. Rh1 Bd4 40. hxg6 hxg6 41. Rh6 g5 42. Ke1 0-1

[Event "Moscow RUS"]
[Site "?"]
[Date "2004.02.25"]
[Round "9"]
[White "Felgaer Ruben"]
[Black "Khalifman Alexander"]
[Result "1/2-1/2"]
[WhiteElo "2554"]
[BlackElo "2674"]
[PlyCount "20"]
[EventDate "2004.??.??"]
[Source "www.chesslib.no"]
[SourceDate "2004.05.04"]

1. e4 c6 2. d4 d5 3. Nc3 dxe4 4. Nxe4 Bf5 5. Ng3 Bg6 6. N1e2 Nf6 7. Nf4 e5 8. Nxg6 hxg6 9. dxe5 Qa5+ 10. Bd2 Qxe5+ 1/2-1/2

[Event "Hrvatska 74/141"]
[Site "?"]
[Date "1998.??.??"]
[Round "?"]
[White "Movsesian, Sergei"]
[Black "Zelcic, Robert"]
[Result "1-0"]
[WhiteElo "2640"]
[BlackElo "2585"]
[PlyCount "79"]
[EventDate "1998.??.??"]
[Source "ChessBase"]
[SourceDate "1998.10.01"]

1. e4 c6 2. d4 d5 3. Nd2 dxe4 4. Nxe4 Bf5 5. Ng3 Bg6 6. Bc4 e6 7. N1e2 Bd6 8. O-O Qc7 9. f4 Ne7 10. Bd3 Nd7 11. c4 O-O-O 12. Kh1 Nf5 13. Nxf5 Bxf5 14. Be3 Kb8 15. Rb1 c5 16. b4 cxb4 17. a3 Nb6 18. Rc1 Be7 19. Bxf5 exf5 20. Qb3 Rhe8 21. d5 Bc5 22. Nd4 Re4 23. Nc6+ bxc6 24. Bxc5 cxd5 25. cxd5 Nxd5 26. axb4 Qb7 27. Rfd1 Rd7 28. Qg3 g6 29. Ra1 Nb6 30. Rxd7 Qxd7 31. Bxb6 axb6 32. Qa3 Qb7 33. b5 Re7 34. Qd6+ Rc7 35. Rc1 f6 36. h3 g5 37. Rc6 Qc8 38. Rxb6+ Ka7 39. Ra6+ Kb8 40. b6 1-0

[Event "Elista ol (Men)"]
[Site "Elista"]
[Date "1998.10.01"]
[Round "3"]
[White "Adams, Michael"]
[Black "Guseinov, Aidyn"]
[Result "1/2-1/2"]
[WhiteElo "2715"]
[BlackElo "2510"]
[PlyCount "73"]
[EventDate "1998.09.29"]
[Source "ChessBase"]
[SourceDate "1998.11.06"]

1. e4 c6 2. d4 d5 3. Nd2 dxe4 4. Nxe4 Bf5 5. Ng3 Bg6 6. Nf3 Nf6 7. h4 h6 8. Ne5 Bh7 9. c3 e6 10. Bc4 Bd6 11. Bf4 Nbd7 12. Nh5 Nxh5 13. Qxh5 Bxe5 14. dxe5 Qe7 15. O-O-O Nb6 16. Bd3 Nd5 17. Bxh7 Rxh7 18. Bd2 Qc5 19. Qe2 O-O-O 20. h5 Rhh8 21. Kb1 Nb6 22. Rh4 Rd7 23. Re1 Qd5 24. Bc1 Qxg2 25. Rg4 Qh3 26. Rg5 g6 27. Rxg6 Qf5+ 28. Ka1 Rd5 29. Rg7 Rd3 30. c4 Qxh5 31. Qe4 Rdd8 32. Be3 Kb8 33. Qh1 Nc8 34. Bg5 f6 35. Bxf6 Rdg8 36. Rxg8 Ka8 37. c5 1/2-1/2